Can you translate these 3-letter Danish words to English? - Statistics

General Stats
  • This quiz has been taken 205 times
  • The average score is 13 of 20
Answer Stats
Hint Answer % Correct
Tre Three
94%
God Good
92%
Ost Cheese
88%
Nul Zero
79%
Blå Blue
77%
Dør Door
77%
Bil Car
75%
Far Father
73%
Dyr Animal
70%
Sko Shoe
69%
Hav Sea
68%
Bad Bath
66%
Ovn Oven
65%
Fod Foot
64%
Ræv Fox
56%
Mel Flour
55%
Sky Cloud
54%
Tyr Bull
41%
Rat Steering wheel
32%
Gær Yeast
29%
No matching quizzes found
Score Distribution
Percent of People with Each Score
Percentile by Number Answered
Your Score History
You have not taken this quiz